01365nam a2200289Ia 4500001001100000006001900011007001500030008004100045035002200086040002600108245019000134264005700324300006000381336002600441337002600467338003600493490008800529500001700617500004900634504014400683600003800827650003700865655002400902700003700926830004100963856007101004DIGANR0208m d cr |||||||||||100325s1992 sp ac b 000 0 spa d a(OCoLC)1335125884 aDGITAbengepncDGITA00aFrancisco Márquez Villanueva :buna nueva visión metodológica y de proyecto de la cultura hispana : creación literaria y complejidad histórica de las formas modernas de poder. 1aBarcelona :bAnthropos, Editorial del Hombre,c1992. a1 online resource (95 p.) :billustrations, portraits.  atextbtxt2rdacontent acomputerbc2rdamedia aonline resourcebcr2rdacarrier1 aAnthropos: revista de documentación científica de la cultura,x02115611 ;v137. aCover title. a"N.° 137, Octubre 1992" --P. [2] of cover. a"Documentación cultural e información bibliográfica: informes y bibliografía temática: Francisco Márquez Villanueva" (p. 65-95)10aMárquez Villanueva, Francisco.  0aAuthors, Spanishy20th century.  7aPeriodicals.2lcgft1 aMárquez Villanueva, Francisco. 0aAnthropos (Barcelona, Spain) ;v137.403Digitalia Hispánicauhttps://www.digitaliapublishing.com/a/3649/